[Event "Belorechensk Sarkisov Memorial op"]
[Site "Belorechensk"]
[Date "2012.05.27"]
[Round "5"]
[White "Gusev, Vitaly"]
[Black "Airapetian, Valentin"]
[Result "0-1"]
[WhiteElo "2089"]
[BlackElo "1851"]
[PlyCount "76"]
[EventDate "2012.05.23"]
[EventType "swiss"]
[EventRounds "9"]
[EventCountry "RUS"]
[SourceTitle "CBM 148 Extra"]
[Source "ChessBase"]
[SourceDate "2012.06.22"]
[SourceVersion "1"]
[SourceVersionDate "2012.06.22"]
[SourceQuality "1"]

1. d4 Nf6 2. c4 e6 3. Nf3 Bb4+ 4. Bd2 Bxd2+ 5. Nbxd2 d5 6. e3 c6 7. cxd5 exd5 8. Bd3 0-0 9. 0-0 Bg4 10. Qc2 Nbd7 11. b4 Re8 12. a4 Qe7 13. Rab1 Bh5 14. Rfc1 Bg6 15. Bxg6 hxg6 16. Rb3 Rac8 17. Qd1 Ne4 18. Nxe4 Qxe4 19. g3 Nb6 20. Nd2 Qe7 21. a5 Nd7 22. Qg4 a6 23. h4 Nf6 24. Qh3 Rcd8 25. Nf3 Ne4 26. Qg4 Rd6 27. Rb2 Rf6 28. Ne5 Rf5 29. Kg2 Nf6 30. Qh3 Rxe5 31. dxe5 Qxe5 32. Rbb1 Qe4+ 33. Kh2 Ng4+ 34. Kg1 Ne5 35. Qg2 Nf3+ 36. Kh1 Re6 37. Rd1 Rf6 38. Rd4 Qe5 0-1

[Event "Belorechensk Sarkisov Memorial op"]
[Site "Belorechensk"]
[Date "2012.05.23"]
[Round "1"]
[White "Gusev, Vitaly"]
[Black "Baraeva, Irina"]
[Result "0-1"]
[WhiteElo "2089"]
[BlackElo "2165"]
[PlyCount "94"]
[EventDate "2012.05.23"]
[EventType "swiss"]
[EventRounds "9"]
[EventCountry "RUS"]
[SourceTitle "CBM 148 Extra"]
[Source "ChessBase"]
[SourceDate "2012.06.22"]
[SourceVersion "1"]
[SourceVersionDate "2012.06.22"]
[SourceQuality "1"]

1. d4 d5 2. c4 c6 3. e3 Nf6 4. Nc3 a6 5. Qc2 b5 6. cxb5 cxb5 7. Bd3 e6 8. Nf3 Bb7 9. 0-0 Bd6 10. a3 0-0 11. Ne5 h6 12. f4 Nfd7 13. Qf2 Nxe5 14. fxe5 Be7 15. Qg3 Bg5 16. Bd2 Nc6 17. Ne2 Rc8 18. Rac1 Qe7 19. Nf4 Bh4 20. Qh3 Bg5 21. Rxc6 Bxc6 22. Bb4 Qd7 23. Bxf8 Rxf8 24. Nh5 Kh8 25. g4 Qe7 26. Qg3 a5 27. Rc1 Bd7 28. Rc5 Rb8 29. b4 axb4 30. axb4 Kg8 31. Nf4 Qd8 32. Ng2 Be7 33. h4 Bxc5 34. dxc5 g5 35. hxg5 Qxg5 36. Kh2 Ra8 37. e4 Bc6 38. exd5 Bxd5 39. Ne3 Ra2+ 40. Kh3 Bc6 41. Nc2 Rb2 42. Qe1 Rb3 43. Qe2 Qf4 44. Ne1 Be4 45. Kh4 Bxd3 46. Nxd3 Qg5+ 47. Kh3 Qg6 0-1